[Event "RUS-ch Rapid 2021"]
[Site "Sochi"]
[Date "2021.10.12"]
[Round "1.19"]
[White "Demidov, Mikhail"]
[Black "Lebzak, Yaroslav"]
[Result "1-0"]
[WhiteElo "2551"]
[BlackElo "2050"]
[Annotator "TA"]
[PlyCount "171"]
[EventDate "2021.10.12"]
[EventType "swiss"]
[EventCountry "RUS"]
[SourceTitle "playchess.com"]
[Source "ChessBase"]
[SourceQuality "1"]

{[%evp 11,171,0,40,0,9,0,0,-39,0,0,0,0,0,0,19,0,0,0,20,20,25,22,34,10,8,17,22,
9,11,0,24,0,0,0,0,0,0,-13,-1,-18,49,42,28,0,25,27,27,0,8,0,0,-2,23,22,12,0,0,0,
5,0,37,0,35,16,14,0,0,0,0,-10,0,0,0,0,0,-30,-20,-45,16,-26,0,0,0,0,0,-98,-96,
-160,-160,-159,0,0,0,0,0,0,0,0,0,0,8,0,43,41,41,43,60,60,60,60,132,132,133,93,
75,75,177,177,311,222,536,527,824,824,824,728,1266,1191,29976,29976,6107,843,
1360,1712,29978,29979,29980,29981,29981,29978,29980,29981,29981,29982,29982,
29981,29984,29977,29978,29979,29978,29979,29976,29977,29985,29985,29990,29991,
29996,29995,29997,29998]} 1. Nf3 d5 2. g3 Bg4 3. Ne5 Bf5 4. Bg2 c6 5. d4 e6 6.
O-O Nf6 7. c4 {D02: 1 d4 d5 2 Nf3 sidelines, including 2...Nf6 3 g3 and 2...
Nf6 3 Bf4.} Nbd7 8. Qb3 Qb6 9. Nc3 $5 {[%mdl 4] The position is equal. Leaves
trodden paths.} Be7 10. Nxd7 Nxd7 11. e4 dxe4 12. Nxe4 O-O 13. Be3 Qxb3 14.
axb3 Nf6 15. Nc5 Bxc5 16. dxc5 {[#]} a6 $146 ({Predecessor:} 16... Rfd8 17. h3
Be4 18. b4 Bxg2 19. Kxg2 a6 20. Rfd1 Kf8 21. Rxd8+ Rxd8 22. b5 axb5 23. cxb5
cxb5 {1/2-1/2 (32) Gutman,L (2432)-Collins,S (2475) Berlin 2013}) 17. b4 Bd3
18. Rfc1 Rad8 19. h3 h6 20. Bf4 Rd7 21. Ra3 {Strongly threatening Bd6.} Rfd8
22. Bd6 Be4 23. Bf1 Ne8 24. Bf4 Kh7 25. g4 Rd1 (25... g5 $11 26. Bg3 Bd3) 26.
f3 Bg6 27. Raa1 Rxc1 28. Rxc1 f6 29. b5 axb5 30. cxb5 e5 31. Be3 cxb5 32. Bxb5
Nc7 33. Bf1 (33. Be2 {feels hotter.} f5 34. gxf5 Bxf5 35. b4 Ne6 36. Kf2) 33...
Be8 34. Kf2 Bc6 35. h4 Nd5 36. Bd2 Rd7 37. h5 Nc7 38. Ba5 Nb5 39. Be2 Nd4 40.
Bd1 Kg8 41. Bc3 Kf7 42. Ra1 Nb5 43. Be1 Ke7 44. b4 Rd4 (44... Rd3 $15 45. Be2
Rb3) 45. Ke3 Rd7 46. Bd2 Nd4 {And now ...Bxf3! would win.} 47. Bc3 Nb5 48. Bb2
(48. Bd2 $11) 48... Nc7 $1 $17 49. Ba3 (49. Be2 $142) 49... Nd5+ $1 50. Kf2 Kd8
$2 (50... Nc3 $1 $17 {[%cal Rc3d1]} 51. b5 Nxd1+ 52. Kg1 Ne3 $1 53. bxc6 bxc6)
51. Bb3 Nf4 52. Rd1 Rxd1 53. Bxd1 $11 {[%mdl 4096] Endgame KBB-KBN} Bb5 54. Bb3
Kd7 55. Ke3 Ne6 56. Bb2 Ng5 57. f4 exf4+ 58. Kxf4 Bd3 59. Bd5 Kc7 60. Ke3 Bc2 (
{Black should play} 60... Bb5 $14) 61. b5 $1 $16 Ba4 62. Bc4 Bd1 63. Kf4 Bc2 (
63... Bf3 $16 {was called for.}) 64. Bd5 $18 Nh3+ (64... Kc8 {was necessary.}
65. Ba3 Ba4) 65. Ke3 {Hoping for b6+.} Ng5 $2 (65... Ba4 {is tougher.}) 66. b6+
Kc8 {[#]} 67. c6 $1 bxc6 68. Bxc6 Ne6 69. b7+ Kb8 {[#]} 70. Ba3 $1 Nc7 71. Bf3
(71. Bd6 $142 Ba4 72. Bxa4 Kxb7 73. Bxc7 Kxc7 74. Ke4) 71... f5 72. gxf5 Bxf5
73. Bd6 {White mates.} Bc8 74. bxc8=Q+ Kxc8 75. Bf8 Kd7 76. Bxg7 Ke6 77. Kf4
Ne8 78. Bg4+ Kf7 79. Be5 Ng7 80. Ke4 Ne8 81. Bf4 Kg7 82. Kf5 Kh7 83. Be5 Ng7+
84. Kf6 Ne8+ 85. Ke7 Ng7 86. Kf7 {What a bad dream for Black.  Weighted Error
Value: White=0.15/Black=0.15} 1-0

[Event "RUS-ch Rapid 2021"]
[Site "Sochi"]
[Date "2021.10.12"]
[Round "1.20"]
[White "Kolupaev, Vadim"]
[Black "Nozdrachev, Vladislav"]
[Result "0-1"]
[WhiteElo "1853"]
[BlackElo "2495"]
[Annotator "TA"]
[PlyCount "70"]
[EventDate "2021.10.12"]
[EventType "swiss"]
[EventCountry "RUS"]
[SourceTitle "playchess.com"]
[Source "ChessBase"]
[SourceQuality "1"]

{[%evp 13,70,-75,-72,-67,-40,-47,-32,-32,-42,-45,-33,-33,-38,-37,-39,-29,-31,
-36,-39,-129,-120,-129,80,78,118,132,151,147,72,0,0,-433,-448,-425,-422,-747,
-233,-417,-425,-412,-422,-780,-771,-1094,-1135,-2059,-1943,-2288,-2188,-2468,
-905,-29983,-29984,-29992,-29993,-29993,-29994,-29998,-29999]} 1. e4 e5 2. f4
exf4 3. Nf3 g5 4. Bc4 Bg7 5. O-O d6 6. d4 Nc6 7. c3 h6 8. Qa4 {With the idea
d5. was the old line (8.g3). C38: King's Gambit Accepted: 3 Nf3 g5 4 Bc4 Bg7.}
Bd7 {Strongly threatening ...Nxd4.} 9. Qb3 Qe7 10. Qxb7 {[%mdl 64] Double
Attack. Black is slightly better.} Rb8 11. Qa6 (11. Qxc7 Rc8) 11... Rb6 12. Qa3
Nf6 {[#]} 13. Bd3 $146 ({Predecessor:} 13. Nbd2 O-O 14. Re1 Nh5 15. d5 Ne5 16.
Nxe5 Bxe5 17. Be2 g4 18. Nf1 Qh4 19. Bd2 {1-0 (35) Armbrust,F-Hipler,A
Dotzheim 2002}) 13... O-O (13... Nxe4 $2 14. Bxe4 O-O 15. Nbd2 $18) 14. Nbd2 $1
Nh5 15. Nc4 g4 16. Nxb6 (16. Ne1 $1 $15) 16... axb6 $17 17. Ne1 {[#]} f3 $2 (
17... Nxd4 $1 $17 {and life is bright. Threatens to win with ...Qh4.} 18. Qb4 (
18. cxd4 $2 Bxd4+ 19. Rf2 Qh4 $19 {[%mdl 64] Pin}) 18... Nc6) 18. gxf3 $16 g3
19. hxg3 Nxg3 {[#]} 20. Rf2 $1 {[%cal Rf2g2]} Nxd4 ({Black should try} 20...
Kh8 21. Ng2 Rg8) 21. Be3 ({But not} 21. cxd4 $6 Bxd4 22. Ng2 (22. Bxh6 $2 Qh4
23. Kg2 Qh3+ 24. Kg1 Qh1#) 22... Nh1 $18) (21. Rg2 $16 Qh4 22. Be3 (22. Bxh6 $2
Bxh6 23. Kf2 Kh7 $19)) 21... Ndf5 $11 22. Nc2 {[%mdl 8192]} (22. Bd2 $11 {
and White stays safe.} Nh4 23. Ng2) 22... Nxe3 $19 23. Nxe3 Qg5 $1 {[%csl LRe3,
LRe4]} 24. f4 (24. Nd5 $142 Qh5 25. Rg2 Qxf3 {[%mdl 64] Double Attack} 26. Qa6)
24... Qh4 $2 $40 {[%mdl 128] White is in trouble.} (24... Ne2+ 25. Kf1 Nxf4)
25. Rh2 $2 (25. Rf3) 25... Qxf4 {[%mdl 64] Double Attack} 26. Nd5 Qg5 {White
must now prevent ...Nxe4+.} ({Resist} 26... Qf3 27. Bf1 $19) 27. Re1 (27. Qb3
$142 c6 28. Nxb6 Nxe4+ 29. Rg2 Qe3+ {[%mdl 64] Double Attack} 30. Kh1 Qxd3 31.
Nxd7 Qh3+ {[%mdl 64] Double Attack} 32. Kg1 Qxd7 33. Rf1) 27... Be5 28. Rg2 Bh3
29. Bf1 Bxg2 30. Bxg2 Qd2 31. Re3 c6 (31... f5 $142 32. Rxg3+ Bxg3 33. Nf6+ Kh8
34. Qa6 fxe4 35. Qf1 Qe3+ 36. Kh1 Qg5 37. Bh3 Rxf6 38. Qd1 Rf3 39. Qg1 Rf2 40.
b3 Qf4 41. c4 Qf3+ 42. Bg2 Qh5+ 43. Bh3 Qxh3+ 44. Qh2 Qxh2#) 32. Ne7+ Kh7 {
Black mates.} 33. Rf3 Qe1+ {[%mdl 64] Double Attack} 34. Bf1 Nxf1 35. Qb3 Ne3+
{Weighted Error Value: White=1.19/Black=0.36} 0-1

[Event "RUS-ch Rapid 2021"]
[Site "Sochi"]
[Date "2021.10.12"]
[Round "1.21"]
[White "Trushnikov, Sergey"]
[Black "Matushchak, Nikita"]
[Result "1-0"]
[WhiteElo "2525"]
[BlackElo "1933"]
[Annotator "TA"]
[PlyCount "77"]
[EventDate "2021.10.12"]
[EventType "swiss"]
[EventCountry "RUS"]
[SourceTitle "playchess.com"]
[Source "ChessBase"]
[SourceQuality "1"]

{[%evp 9,77,4,4,-5,-5,-1,8,11,34,26,28,27,33,20,41,17,33,35,37,40,56,65,61,
-239,76,70,67,64,68,62,84,72,77,63,83,58,85,38,106,79,96,90,60,47,47,70,113,60,
107,104,216,232,228,231,237,220,1133,1166,2618,2678,2149,2051,29989,29988,
29990,29991,29994,29995,29995,29996]} 1. e4 e6 2. d3 d5 3. Be2 Nf6 4. e5 Nfd7
5. f4 c5 6. Nf3 {C00: French: Unusual White 2nd moves.} Nc6 7. c4 d4 8. O-O {
The position is equal.} b6 9. Nbd2 Bb7 10. Ne4 {[#]} Qc7 $146 ({Predecessor:} 
10... Be7 11. Bd2 O-O 12. Nfg5 h6 13. Nh3 f6 14. exf6 Nxf6 15. Nxf6+ Bxf6 16.
Bg4 Qd6 {1-0 (35) Beaver,A-Schweikert,G Lansing 1987}) 11. Nfg5 h6 {[#]} 12.
Nxe6 fxe6 13. Bh5+ Kd8 14. Qg4 Nb4 15. Qxe6 {[%csl Gh5][%cal Re6e8]} Qc6 16.
Qe8+ {[%mdl 1024] White has compensation.} Kc7 17. Qf7 {aiming for Bf3.} Kb8
18. Be2 Qc7 19. Bd2 a5 20. a3 {Threatens to win with e6.} Nc6 21. Rae1 Nd8 {[#]
} 22. Qg6 Qc6 23. Qg3 Ka7 (23... Qc7 $14) 24. f5 {And now Bf3 would win.} Qc8
25. Bf3 Nc6 26. Nd6 Bxd6 27. exd6 Qf8 {[#]} 28. Bd5 ({Better is} 28. b4 $1 $16)
28... Rd8 29. Re6 Ncb8 (29... h5 $16 {was worth a try.}) 30. Bxb7 $18 Kxb7 31.
b4 axb4 32. axb4 {[%cal Ba3b4,Bb4b5][%mdl 32]} Nc6 $2 (32... cxb4 33. Qf3+ Nc6)
33. b5 Nce5 34. Rxe5 Nxe5 35. Qxe5 {White wants to mate with Qd5+.} Qxd6 36.
Qe4+ {White mates.} Kc8 37. Ra1 Rhe8 38. Ra8+ Kd7 39. Ra7+ {Weighted Error
Value: White=0.05/Black=0.29} 1-0

[Event "RUS-ch Rapid 2021"]
[Site "Sochi"]
[Date "2021.10.12"]
[Round "1.22"]
[White "Gavrilov, Maxim"]
[Black "Bocharov, Dmitry"]
[Result "1-0"]
[WhiteElo "2070"]
[BlackElo "2517"]
[Annotator "TA"]
[PlyCount "95"]
[EventDate "2021.10.12"]
[EventType "swiss"]
[EventCountry "RUS"]
[SourceTitle "playchess.com"]
[Source "ChessBase"]
[SourceQuality "1"]

{[%evp 17,95,18,25,-13,22,41,60,0,45,43,43,33,35,40,59,-20,-37,-29,-22,-27,15,
7,17,27,14,8,18,18,85,71,114,109,149,155,157,152,164,158,168,154,157,129,143,
132,142,136,185,200,179,138,137,112,97,98,147,139,135,159,157,160,141,127,150,
65,67,41,65,42,40,48,85,35,35,8,8,2,13,9,9,10]} 1. d4 Nf6 2. c4 e6 3. Nc3 Bb4
4. Nf3 b6 5. e3 Bb7 6. Bd3 Ne4 7. Qc2 f5 8. O-O Bxc3 9. bxc3 O-O 10. c5 {
E43: Nimzo-Indian: Rubinstein: 4...b6.} Nc6 11. Rb1 {[#]} Rf6 $146 ({
Predecessor:} 11... Rb8 12. cxb6 axb6 13. c4 Ne7 14. Ne1 c5 15. f3 Nd6 16. Qc3
Nf7 17. d5 Nd6 {1-0 (64) Indjic,A (2574)-Stojanovski,D (2454) Mali Losinj 2017}
) 12. c4 (12. Ne1 $14) 12... Rh6 13. Bxe4 fxe4 14. Qxe4 Na5 15. d5 Ba6 16. Nd2
({White should try} 16. Rb4 $14) 16... Qg5 $11 17. Nf3 Qh5 18. Bb2 Bxc4 (18...
Nxc4 {feels hotter.} 19. dxe6 Rf8 20. e7 Re8 21. Rfd1 Re6) 19. dxe6 $40 {
[%mdl 128] Black needs to defend precisely.} Bd5 20. Qe5 {[%cal Re5g7]} ({
Don't blunder} 20. Qd4 $2 Rg6 $19) 20... Qxe5 21. Nxe5 Bxe6 22. Rbc1 c6 (22...
Bxa2 $11 {keeps the balance.} 23. cxb6 Rxb6) 23. Rfd1 $16 Nb7 24. Nxd7 b5 25.
Ne5 Rc8 26. a3 Rf6 27. f3 a5 28. e4 Rff8 29. Bd4 Rfd8 30. Be3 Rxd1+ 31. Rxd1 b4
{[#]} 32. axb4 axb4 33. Rb1 b3 34. f4 {f5 is the strong threat.} Na5 35. f5 Nc4
36. fxe6 Nxe5 37. Rxb3 {[%mdl 4096] Endgame KRB-KRN} Re8 38. Bd4 Rxe6 39. Rb7
h5 40. Rc7 (40. Kf2 $16) 40... Nf7 41. e5 (41. Bb2 {looks sharper.} Rxe4 42.
Rxc6 Rc4 43. Rg6 Rc2 44. Bf6) 41... Nxe5 42. Bxe5 Rxe5 43. Rxc6 $14 {KR-KR} Re2
44. h4 Rc2 45. Rc7 Kh7 $1 {The position is equal.} 46. Kh2 Rc3 47. c6 Kg6 48.
g3 {[%mdl 32768] White really could win this.  Weighted Error Value: White=0.
16/Black=0.17. Loss on time!?} 1-0

[Event "RUS-ch Rapid 2021"]
[Site "Sochi"]
[Date "2021.10.12"]
[Round "1.23"]
[White "Savchenko, Boris"]
[Black "Sabirov, Timur"]
[Result "1-0"]
[WhiteElo "2535"]
[BlackElo "1890"]
[Annotator "TA"]
[PlyCount "45"]
[EventDate "2021.10.12"]
[EventType "swiss"]
[EventCountry "RUS"]
[SourceTitle "playchess.com"]
[Source "ChessBase"]
[SourceQuality "1"]

{[%evp 12,45,7,15,39,10,58,61,54,60,79,84,85,72,269,272,295,289,437,430,573,
456,1197,1199,1438,1472,1460,1435,29995,29996,29996,29997,29997,29998,29998,
29999]} 1. e4 c5 2. Nf3 d6 3. d4 cxd4 4. Nxd4 Nf6 5. Nc3 a6 6. h3 e5 7. Nde2 h5
{B90: Sicilian Najdorf: Unusual White 6th moves, 6 Be3 Ng4 and 6 Be3 e5.} 8.
Ng1 {[#]} d5 $146 ({Predecessor:} 8... Nbd7 9. Nf3 b5 10. Ng5 Bb7 11. Bd3 Be7
12. O-O Nc5 13. f4 Qc7 14. a3 Rc8 15. Qe1 {1-0 (33) Nepomniachtchi,I (2740)
-Giri,A (2755) Moscow 2016}) 9. exd5 Bb4 {White is slightly better.} 10. Bc4 b5
11. Bb3 Bb7 12. Nf3 Nxd5 $2 (12... Nbd7 $16) 13. Nxe5 $18 Qe7 {[#]} 14. O-O $1
Bxc3 (14... Nxc3 $142 15. bxc3 Qxe5) 15. bxc3 Nxc3 ({Stronger than} 15... Qxe5
16. Re1) 16. Bxf7+ {[%mdl 64] Double Attack} Kf8 (16... Qxf7 $142 17. Nxf7 Nxd1
) 17. Qe1 Qc5 18. Bb2 Ne4 19. Rd1 Nd6 20. Ng6+ {[%mdl 64] Double Attack. White
mates.} Kxf7 21. Qe7+ {[%mdl 64] Double Attack} Kxg6 22. Qxg7+ {[%mdl 64]
Double Attack} Kf5 23. Qf6+ {[%mdl 64] Double Attack. Black got outplayed
after the opening.  Weighted Error Value: White=0.10/Black=1.31} 1-0

[Event "RUS-ch Rapid 2021"]
[Site "Sochi"]
[Date "2021.10.12"]
[Round "1.24"]
[White "Erastov, Semen"]
[Black "Pridorozhni, Aleksei"]
[Result "0-1"]
[WhiteElo "2039"]
[BlackElo "2564"]
[Annotator "ChessBase"]
[PlyCount "120"]
[EventDate "2021.10.12"]
[EventType "swiss"]
[EventCountry "RUS"]
[SourceTitle "playchess.com"]
[Source "ChessBase"]
[SourceQuality "1"]
[TimeControl "900+10"]

1. d4 {[%emt 0:00:00]} e6 {[%emt 0:00:03]} 2. Nf3 {[%emt 0:00:07]} f5 {[%emt 0:
00:05]} 3. g3 {[%emt 0:00:00]} b6 {[%emt 0:00:02]} 4. Bg2 {[%emt 0:00:00]} Bb7
{[%emt 0:00:00]} 5. O-O {[%emt 0:00:00]} Nf6 {[%emt 0:00:02]} 6. c4 {[%emt 0:
00:10]} Be7 {[%emt 0:00:05]} 7. Nc3 {[%emt 0:00:00]} Ne4 {[%emt 0:00:00]} 8.
Nxe4 {[%emt 0:00:37]} Bxe4 {[%emt 0:00:02]} 9. b3 {[%emt 0:00:30]} O-O {
[%emt 0:00:10]} 10. Bb2 {[%emt 0:00:01]} d6 {[%emt 0:00:16]} 11. Nd2 {[%emt 0:
00:31]} Bxg2 {[%emt 0:00:04]} 12. Kxg2 {[%emt 0:00:10]} Nd7 {[%emt 0:00:06]}
13. e4 {[%emt 0:00:29]} f4 {[%emt 0:00:09]} 14. Qe2 {[%emt 0:00:30]} Qe8 {
[%emt 0:00:12]} 15. f3 {[%emt 0:01:41]} e5 {[%emt 0:00:14]} 16. d5 {[%emt 0:00:
48]} fxg3 {[%emt 0:00:10]} 17. hxg3 {[%emt 0:00:00]} Qg6 {[%emt 0:00:00]} 18.
Rg1 {[%emt 0:02:19]} Bg5 {[%emt 0:00:16]} 19. Nf1 {[%emt 0:02:23]} Rf7 {
[%emt 0:00:05]} 20. Bc1 {[%emt 0:00:00]} Raf8 {[%emt 0:00:04]} 21. Bxg5 {
[%emt 0:00:58]} Qxg5 {[%emt 0:00:02]} 22. Nd2 {[%emt 0:00:05]} Nf6 {[%emt 0:00:
05]} 23. Raf1 {[%emt 0:00:10]} Nh5 {[%emt 0:00:00]} 24. Kf2 {[%emt 0:00:17]}
Rf6 {[%emt 0:00:07]} 25. Qe3 {[%emt 0:01:21]} Qg4 {[%emt 0:00:42]} 26. Ke1 {
[%emt 0:00:39]} Qd7 {[%emt 0:00:19]} 27. Rg2 {[%emt 0:00:51]} Rg6 {[%emt 0:00:
09]} 28. Qf2 {[%emt 0:00:22]} Qe7 {[%emt 0:00:50]} 29. Rfg1 {[%emt 0:01:02]}
Qg5 {[%emt 0:00:03]} 30. Kd1 {[%emt 0:00:07]} Rgf6 {[%emt 0:00:57]} 31. Kc2 {
[%emt 0:00:28]} Qg6 {[%emt 0:00:17]} 32. Kd1 {[%emt 0:00:28]} Qe8 {[%emt 0:00:
05]} 33. a4 {[%emt 0:00:22]} c6 {[%emt 0:00:03]} 34. dxc6 {[%emt 0:00:26]} Qxc6
{[%emt 0:00:04]} 35. Rh1 {[%emt 0:00:20]} g6 {[%emt 0:00:00]} 36. Rgh2 {
[%emt 0:00:11]} R6f7 {[%emt 0:00:10]} 37. Kc2 {[%emt 0:00:50]} a6 {[%emt 0:00:
00]} 38. Qe3 {[%emt 0:00:38]} b5 {[%emt 0:00:17]} 39. axb5 {[%emt 0:00:00]}
axb5 {[%emt 0:00:00]} 40. Rxh5 {[%emt 0:01:01]} gxh5 {[%emt 0:00:01]} 41. Rxh5
{[%emt 0:00:39]} bxc4 {[%emt 0:00:03]} 42. Nxc4 {[%emt 0:00:29]} Qc7 {[%emt 0:
01:18]} 43. Rg5+ {[%emt 0:00:00]} Kh8 {[%emt 0:00:01]} 44. f4 {[%emt 0:00:11]}
Rg7 {[%emt 0:01:45]} 45. fxe5 {[%emt 0:00:04]} dxe5 {[%emt 0:00:05]} 46. Kb2 {
[%emt 0:00:23]} Qe7 {[%emt 0:00:34]} 47. Rxg7 {[%emt 0:00:10]} Qxg7 {[%emt 0:
00:00]} 48. Qc5 {[%emt 0:00:05]} Re8 {[%emt 0:00:07]} 49. Qc6 {[%emt 0:00:10]}
Rg8 {[%emt 0:00:21]} 50. Qe6 {[%emt 0:00:06]} Qxg3 {[%emt 0:00:22]} 51. Nxe5 {
[%emt 0:00:11]} Qf2+ {[%emt 0:00:00]} 52. Kc3 {[%emt 0:00:14]} Qc5+ {[%emt 0:
00:18]} 53. Nc4 {[%emt 0:00:16]} Rf8 {[%emt 0:00:00]} 54. Qg4 {[%emt 0:00:07]}
Qe7 {[%emt 0:00:14]} 55. e5 {[%emt 0:00:06]} Qg7 {[%emt 0:00:02]} 56. Qe4 {
[%emt 0:00:06]} h5 {[%emt 0:00:19]} 57. Kb4 {[%emt 0:00:19]} Rb8+ {[%emt 0:00:
10]} 58. Kc3 {[%emt 0:00:00]} Qg3+ {[%emt 0:00:16]} 59. Ne3 {[%emt 0:00:11]}
Qe1+ {[%emt 0:00:04]} 60. Kc4 {[%emt 0:00:10]} Rb4+ {[%emt 0:00:03]} 0-1

[Event "RUS-ch Rapid 2021"]
[Site "Sochi"]
[Date "2021.10.12"]
[Round "2.1"]
[White "Timerkhanov, Alexander"]
[Black "Artemiev, Vladislav"]
[Result "0-1"]
[WhiteElo "2401"]
[BlackElo "2699"]
[Annotator "TA"]
[PlyCount "86"]
[EventDate "2021.10.12"]
[EventType "swiss"]
[EventCountry "RUS"]
[SourceTitle "playchess.com"]
[Source "ChessBase"]
[SourceQuality "1"]

{[%evp 11,86,13,29,-56,-42,-54,-19,-34,6,-6,51,45,52,37,45,-30,-19,-37,-33,-32,
0,-19,0,0,0,0,0,-85,-83,-185,-188,-227,-220,-289,-285,-293,-280,-333,-312,-303,
-275,-331,-304,-325,-323,-326,-300,-308,-319,-306,-322,-320,-298,-314,-307,
-525,-491,-633,-631,-621,-603,-574,-549,-1020,-832,-5916,-2935,-29985,-29986,
-29985,-29986,-29987,-29988,-29988,-29985,-29985,-29984]} 1. d4 Nf6 2. Bg5 Ne4
3. Bf4 c5 4. f3 Qa5+ 5. c3 Nf6 6. d5 Qb6 7. e4 {A45: Trompowsky Attack.} (7.
Bc1 $11) 7... Qxb2 $15 8. Nd2 Qxc3 9. Bc7 {The position is equal.} Qe3+ 10. Ne2
$1 Qh6 $5 {[%mdl 4] A promising side line.} ({Better is} 10... d6 $11) 11. Bf4
$1 $14 {[%cal Rf4h6][%mdl 1024] White has compensation.} g5 12. Be3 Qg6 {[#]}
13. Nc4 $146 ({White should try} 13. Bxc5 $14 d6 14. Be3) ({Predecessor:} 13.
Bxc5 d6 14. Be3 Bg7 15. Nb3 O-O 16. Qd2 Nxe4 17. fxe4 Bxa1 18. Nxa1 Qxe4 19.
Nc3 {1-0 (59) Sorensen,H (2361)-Rottenwohrer Suarez,J (2197) Santo Tirso 2020})
13... d6 $11 14. Rb1 Bg7 15. Ng3 {next Bd3 is good for White.} Nh5 16. Nf5 Na6
17. g4 Nf4 18. h4 {Black must now prevent hxg5.} h6 19. a3 (19. Na5 $11 {
keeps the balance.}) 19... Nc7 $17 {Black keeps a firm grip on the game.} 20.
h5 {[#]} (20. Qd2 $17 {was called for.}) 20... Bc3+ $1 $19 21. Kf2 Qf6 22. Qc2
Bxf5 23. gxf5 b5 24. Nb2 Bd4 {Strongly threatening ...Bxe3+.} 25. Nd1 a6 26. a4
c4 27. Qd2 Bxe3+ 28. Nxe3 O-O 29. Ng4 Qg7 30. f6 exf6 31. Ne3 f5 32. Nxf5 Qf6
33. Rg1 $2 {[#]} (33. Qd4 Ncxd5 34. Rd1) 33... Ncxd5 $1 {[%mdl 512]} 34. Nxh6+
(34. axb5 c3) 34... Qxh6 35. exd5 {Hoping for Qxf4.} Qf6 36. Rg4 Kh8 37. axb5
axb5 38. Rxb5 c3 39. Qc2 Qd4+ {[%mdl 64] Double Attack. Black mates.} 40. Kg3
f5 41. Rxg5 Rg8 42. Qxf5 Rxg5+ 43. Qxg5 Rg8 {Weighted Error Value: White=0.75/
Black=0.06} 0-1

[Event "RUS-ch Rapid 2021"]
[Site "Sochi"]
[Date "2021.10.12"]
[Round "2.2"]
[White "Grachev, Boris"]
[Black "Smirnov, Timofey"]
[Result "1/2-1/2"]
[WhiteElo "2615"]
[BlackElo "2409"]
[Annotator "TA"]
[PlyCount "152"]
[EventDate "2021.10.12"]
[EventType "swiss"]
[EventCountry "RUS"]
[SourceTitle "playchess.com"]
[Source "ChessBase"]
[SourceQuality "1"]

{[%evp 9,152,-2,0,0,0,0,46,42,45,40,34,40,45,18,50,46,88,88,95,92,117,116,134,
127,118,113,132,91,116,90,83,80,89,79,97,93,91,86,196,194,188,-24,-35,-51,-42,
-50,0,0,0,0,9,6,11,-36,93,80,84,89,82,61,66,52,52,51,50,52,49,50,74,68,82,81,
91,91,103,102,109,104,102,102,110,110,110,110,110,110,110,0,110,110,110,110,
110,110,110,110,110,110,110,110,110,110,110,110,110,110,110,110,110,110,110,
110,110,82,82,82,82,82,82,82,82,82,82,82,82,43,43,43,43,0,48,0,82,82,82,8,43,8,
8,8,8,8,8,0,8]} 1. d4 d5 2. Bf4 c5 3. e3 Nc6 4. c3 Nf6 5. Nd2 Bf5 6. Ngf3 {
D00: 1 d4 d5: Unusual lines.} Qb6 7. dxc5 Qxc5 8. Qb3 {White is slightly
better.} Na5 9. Bb5+ (9. Qa4+ {feels hotter.} Nc6 10. Be2 g6 11. Bc7 a6 12. Ne5
) 9... Bd7 10. Bxd7+ Nxd7 11. Qa4 Nc6 12. O-O {[#]} b5 $146 ({Predecessor:} 
12... e6 13. Rac1 b5 14. Qd1 Be7 15. b4 Qb6 16. a4 a6 17. a5 Qb7 18. e4 dxe4
19. Nxe4 {1-0 (48) Carlstedt,J (2451)-Soltanici,R (2410) chess.com INT 2020})
13. Qc2 e5 14. Bg3 e4 15. Nd4 Nxd4 16. exd4 Qc6 17. f3 {[%cal Rf3e4]} f5 18.
fxe4 fxe4 19. a4 (19. Qb3 {keeps more tension.} a5 20. Rf5 Nf6 21. Re5+ Be7 22.
a4) 19... bxa4 20. Qxa4 Qxa4 21. Rxa4 Nb6 22. Ra5 Be7 23. Bc7 Bg5 {[#]} (23...
e3 $16) 24. Nxe4 $1 $18 {[%mdl 512]} Be3+ 25. Nf2 $2 ({Only move:} 25. Kh1 $18
{Hoping for Nc5.} dxe4 26. Bxb6 {[%mdl 64] Pin}) 25... Nc4 $1 $11 {[%cal Rc4a5]
} 26. Rxd5 {aiming for b3.} O-O 27. Bg3 Nxb2 28. Re5 Nc4 29. Re4 a5 30. d5 $36
{[%mdl 2048] White is pushing.} Rac8 31. Re1 {[#]} Bd2 (31... Bc5 $1 $15 {
keeps the upper hand.}) 32. Rd1 $16 Bxc3 33. d6 {Strongly threatening d7.} Nd2
34. Re2 a4 35. d7 ({Inferior is} 35. Rdxd2 Bxd2 36. Rxd2 Rc1+ 37. Nd1 a3 $17)
35... Rcd8 {[%cal Rd8d7]} 36. Rexd2 Bxd2 37. Rxd2 {And now Bh4 would win.} Rf7
38. Ra2 Rfxd7 39. Rxa4 Rb7 {White must now prevent ...Rb1+.} 40. h4 Rb3 41. Kh2
Re8 42. Nh3 Rbe3 43. Ng5 h6 44. Nf3 R3e4 45. Ra5 Kh7 46. Kh3 R8e7 47. Be5 Rf7
48. Bg3 Rfe7 $1 49. h5 Rb7 50. Nh4 Reb4 51. Ng6 {Threatens to win with Ra8.}
R7b5 52. Rxb5 Rxb5 53. Be5 Kg8 54. Kg4 Kf7 55. Kf5 Ra5 56. Nf4 Ra2 57. g4 Rf2
58. Ke4 Rf1 59. Bd4 Re1+ 60. Kf5 Rd1 61. Bc3 (61. Ke5 {is interesting.} Re1+
62. Kd5 Rh1 63. Ng6 Rh3 64. Ke4) 61... Rc1 62. Bd2 (62. Be5 {looks sharper.}
Rf1 63. Bb2 Rf3 64. Bd4 Kg8 65. Bc5) 62... Rc5+ 63. Ke4 Rc4+ 64. Kf3 Ra4 {[#]}
65. Ng6 $1 Ra2 66. Be3 Ra4 67. Ne5+ Ke6 68. Nc6 (68. Bf4 {with more
complications.} Ra3+ 69. Ke4 Ra4+ 70. Ke3 Ra3+ 71. Kf2) 68... Kf7 69. Ne5+ Ke6
$1 {[%cal Re6e5]} 70. Ng6 (70. Nd3 {is interesting.} Ra3 71. Ke4 Kf6 72. Nc5
Kf7 73. Bd4) 70... Kf7 $1 71. Nh4 Kf6 72. Nf5 (72. Bc1 $16) 72... g6 $1 $11 73.
Nxh6 {next hxg6 is good for White.} gxh5 {The position is equal.} 74. gxh5 Rh4
75. Ng4+ Kf5 76. Nh6+ Kf6 {Weighted Error Value: White=0.13/Black=0.11} 1/2-1/2